000 00279nam a2200109Ia 4500
001 1268536
005 20260417145252.0
008 260417s9999 xx 000 0 und d
020 _a9772149467966
245 0 _aİlham Kutusu Muhammed Ali
_cBeliz Yüksel
260 _bKetebe Çocuk
999 _c1268536
_d1268536